ბათუმის შოთა რუსთაველის სახელმწიფო უნივერსიტეტის ბიბლიოთეკა

სვეტიცხოველი. სამეცნიერო საისტორიო ჟურნალი. №2. 2013 (ბიბ.ჩანაწერი № 55839)

000 -LEADER
fixed length control field 00852nam a2200205Ia 4500
001 - CONTROL NUMBER
control field 22936
003 - CONTROL NUMBER IDENTIFIER
control field GE_BSU
008 - FIXED-LENGTH DATA ELEMENTS--GENERAL INFORMATION
fixed length control field 181216s||||||||xx |||||||||||||| ||und||
040 ## - CATALOGING SOURCE
Transcribing agency GE_BSU
245 ## - TITLE STATEMENT
Title სვეტიცხოველი. სამეცნიერო საისტორიო ჟურნალი. №2. 2013
245 ## - TITLE STATEMENT
Statement of responsibility, etc. მთ. რედ. ა. ჯაფარიძე
260 ## - PUBLICATION, DISTRIBUTION, ETC.
Place of publication, distribution, etc. თბილისი
260 ## - PUBLICATION, DISTRIBUTION, ETC.
Name of publisher, distributor, etc. ტექნიკური უნივერსიტეტი
260 ## - PUBLICATION, DISTRIBUTION, ETC.
Date of publication, distribution, etc. 2013
300 ## - PHYSICAL DESCRIPTION
Extent 231 გვ. 30 სმ. ილ.
653 ## - INDEX TERM--UNCONTROLLED
Uncontrolled term პერიოდიკა
653 ## - INDEX TERM--UNCONTROLLED
Uncontrolled term რელიგია. ქრისტიანობა
653 ## - INDEX TERM--UNCONTROLLED
Uncontrolled term სვეტიცხოველი. სამეცნიერო საისტორიო ჟურნალი. №2. 2013
942 ## - ADDED ENTRY ELEMENTS (KOHA)
Koha item type პერიოდიკა
ეგზემპლარები
Withdrawn status Lost status Damaged status Not for loan Date acquired Barcode Date last seen Price effective from Koha item type Public note
        2018-12-17 p 79589 2018-12-17 2018-12-17 პერიოდიკა პერიოდიკა